000 01075nam a22002417a 4500
999 _c16748
_d16748
005 20251125232848.0
008 s2540 th tha d
040 _aNALT
041 _atha
245 1 0 _aการฟอกเงิน /สถาบันดำรงราชานุภาพ
246 _aMoney laundering
260 3 _aกรุงเทพฯ :
_bสถาบันดำรงราชานุภาพ สำนักงานปลัดกระทรวงมหาดไทย,
_c2540
300 _a103 หน้า :
_b ภาพประกอบ ;
_c 21 ซม.
650 0 4 _aการฟอกเงิน
650 0 4 _aการฟอกเงิน -- การป้องกัน
650 0 4 _aอาชญากรรมทางเศรษฐกิจ
650 0 4 _aกฎหมายฟอกเงิน
850 _aNALT
856 4 0 _uhttps://hdl.handle.net/20.500.14156/302051
942 _cLB
_04
_2lcc
998 _j25
_k นีลวัสน์ อินทรักษา
090 _aKJ51 ด495ก 2540